Normal view
MARC view
Entry Personal Name
001 - CONTROL NUMBER
- control field: 60246
003 - CONTROL NUMBER IDENTIFIER
- control field: dpl
005 - DATE AND TIME OF LATEST TRANSACTION
- control field: 20231226165138.0
008 - FIXED-LENGTH DATA ELEMENTS
- fixed length control field: 231226|| aca||aabn | a|a d
040 ## - CATALOGING SOURCE
- Original cataloging agency: dpl
- Transcribing agency: dpl
100 ## - HEADING--PERSONAL NAME
- Personal name: Reddy, K. Srinivas
670 ## - SOURCE DATA FOUND
- Source citation: Work cat.: (dpl)195028: Reddy, K. Srinivas, Understanding Children in Inclusive Context/, 2022
